000 01030nam a2200229 i 4500
001 38494
003 ES-MaACL
005 20231205175922.0
007 t|
008 030225s1944 sp ||||1| spa d
100 1 _aCalderón Quijano, José Antonio.
_933626
245 1 0 _aBelice 1669(?)-1821
_b: historia de los establecimientos británicos del Río Valis hasta la independencia de Hispano-América /
_cJosé Antonio Calderón Quijano ; prólogo de Vicente Rodríguez Casado.
250 _a[1ª ed.].
260 _aSevilla :
_bConsejo Superior de Investigaciones Científicas,
_c1944 (
_fVictoria)
300 _aXIX, 503 p., 32 lám. ;
_c22 cm.
490 1 _aPublicaciones de la Escuela de Estudios Hispano-Americanos de Sevilla
700 1 _aRodríguez Casado, Vicente,
_d1918-1990
_998411
710 2 _aConsejo Superior de Investigaciones Científicas (España)
_93236
830 0 _aPublicaciones de la Escuela de Estudios Hispano-Americanos de Sevilla
_9180625
852 _aES-MaACL
_jB-10471
999 _c38494
_d38494